00933nac a22002657a 4500001001000000003000900010005001700019008003400036040005400070072000800124090001900132100001700151110009700168245003800265260004200303300000900345490004000354650001300394650001900407650001200426909004700438942001700485999001900502952014600521BR9212143BR-BrBNA20240105121310.0230509b bl.|||m| |||| 00| 0 por d aBR-BrBNAbporcBiblioteca Nacional de Agricultura aH10 a1123 BR92121431 aFancelli, M.1 aCentro Nacional de Pesquisa de Mandioca e Fruticultura Tropical, Cruz das Almas, BA (Brasil)1 aA broca da haste do maracujazeiro3 aCruz das Almas, BA (Brasil): c1992.  a2 p. aMaracuja em Foco (Brazil)vno. 53x aMaracuja aBroca da Haste aSintoma a202312bLúcia Elandec55dLúcia Elande 2AGRISn0cMS c284493d284493 002AGRIS40708Acervo Gerala41918b41918cAGROBASEl0o1123 BR9212143p1123 BR9212143r2023-12-18yMSePortaria Interministerial nº 164/94